000 00519nam a2200193Ia 4500
008 151119s9999||||xx |||||||||||||| ||und||
082 _a891.46308
082 _bGKKV3285
100 _aपानवलकर श्री दा
245 _aजांभूळ
260 _a--
260 _b--
260 _c0
600 _aपानवलकर श्री दा
630 _aजांभूळ
700 _aपानवलकर श्री दा
730 _aजांभूळ
942 _cBOOK
999 _c1058970
_d1058967